ՀՀ Գիտությունների ազգային ակադեմիայի հիմնարար գիտական գրադարան  =   Fundamental Scientific Library of NAS RA

Собор Парижской богоматери : (Record no. 209396)

MARC details
000 -LEADER
fixed length control field 01046nam a2200253 u 4500
001 - CONTROL NUMBER
control field 000548063
003 - CONTROL NUMBER IDENTIFIER
control field AM-YeHGA
005 - DATE AND TIME OF LATEST TRANSACTION
control field 20250618073114.0
008 - FIXED-LENGTH DATA ELEMENTS--GENERAL INFORMATION
fixed length control field 070822s1989 ||| r 000 0 rus d
020 ## - INTERNATIONAL STANDARD BOOK NUMBER
Canceled/invalid ISBN 5-280-0064-0
040 ## - CATALOGING SOURCE
Original cataloging agency AM-YeHGA
041 1# - LANGUAGE CODE
Language code of text/sound track or separate title rus
Language code of original fre
090 ## - LOCALLY ASSIGNED LC-TYPE CALL NUMBER (OCLC); LOCAL CALL NUMBER (RLIN)
-- 210902
100 1# - MAIN ENTRY--PERSONAL NAME
Personal name Հյուգո, Վիկտոր,
Dates associated with a name 1802-1885
9 (RLIN) 5858
245 10 - TITLE STATEMENT
Title Собор Парижской богоматери :
Remainder of title Роман /
Statement of responsibility, etc. В. Гюго; Перев. с франц. Н. Коган; Примеч. С. Брахман.
260 ## - PUBLICATION, DISTRIBUTION, ETC.
Place of publication, distribution, etc. Ленинград :
Name of publisher, distributor, etc. Художественная литература,
Date of publication, distribution, etc. 1989.
300 ## - PHYSICAL DESCRIPTION
Extent 415 стр. ;
Dimensions 22 см.
440 #0 - SERIES STATEMENT/ADDED ENTRY--TITLE
Title Классики и современники
Name of part/section of a work Зарубежная литература
500 ## - GENERAL NOTE
General note Постраничные сноски
504 ## - BIBLIOGRAPHY, ETC. NOTE
Bibliography, etc. note Примечания, стр. 405-412
650 14 - SUBJECT ADDED ENTRY--TOPICAL TERM
Topical term or geographic name entry element Ֆրանսիական գրականություն
General subdivision Роман
700 1# - ADDED ENTRY--PERSONAL NAME
Personal name Коган, Н.
Relator term пер.
Relationship trl
700 1# - ADDED ENTRY--PERSONAL NAME
Personal name Брахман, С.
Relator term примеч.
Relationship cmm
Holdings
Withdrawn status Lost status Damaged status Not for loan Collection Home library Current library Date acquired Total checkouts Full call number Barcode Date last seen Price effective from Koha item type Public note
        General Fundamental Scientific Library Fundamental Scientific Library 28/12/2016   РII/597533 120597533 28/12/2016 28/12/2016 Գրքեր / Books 30 Days Loan


ՀՀ ԳԱԱ հիմնարար գիտական գրադարան
ՀՀ,Երևան 0019
Մարշալ Բաղրամյան 24/6
հեռախոս:(374-10) 52-47-50
Հետադարձ կապ

All site content, except where otherwise noted, is licensed under a
Creative Commons License